Využitie platforiem pre mobilné agenty

Na minha lista:
Detalhes bibliográficos
Autor principal: Solín, Rastislav (Author)
Outros Autores: Kapustík, Ivan, 1965- (Thesis advisor)
Formato: Manuscrito Livro
Idioma:eslovaco
Publicado em: Bratislava : STU v Bratislave FIIT, 2006
Assuntos:
Tags: Adicionar Tag
Sem tags, seja o primeiro a adicionar uma tag!

MARC

LEADER 00000ntm a22000003a 4500
001 stu141428
005 20180302123009.7
008 070516s2006----xo------------------slo-d
040 |a STU  |b slo 
041 0 |a slo 
044 |a xo 
100 1 |a Solín, Rastislav  |4 aut 
245 1 |a Využitie platforiem pre mobilné agenty 
260 |a Bratislava :  |b STU v Bratislave FIIT,  |c 2006 
300 |a 98 s 
650 7 |a softvérové inžinierstvo  |2 stusub 
700 1 |a Kapustík, Ivan,  |d 1965-  |4 ths  |u I200  |U FIIT Fakulta informatiky a informačných technológií  |T FIIT Ústav informatiky a softvérového inžinierstva  |X 111  |U I200  |Y 179  |7 111 
996 |c I*DP31/06  |l II680  |s P  |a 0  |w stu141428_0001